000 00308nam a22001217a 4500
008 160510b xxu||||| |||| 00| 0 eng d
020 _a9781423999355
020 _a9781423999355
041 _aeng
080 _a61
245 _aMedical professionals;
_cElizabeth Eisner Reding; Lynn Wermers;
942 _2udc
_cBK
999 _c2005
_d2005